000 00421nam a2200157Ia 4500
008 221030s9999 xx 000 0 und d
020 _a8175151730
041 _aEnglish
082 _a105.23
_bRai
100 _aH. C. Rai
245 0 _aText Book on Power Electronics - Devices, Circuits, Systems & Applications
_cby H. C. Rai
260 _bGalgotia Pub
_aNew Delhi
_c1999
300 _a694
650 _aECE
942 _cBK
999 _c8619
_d8619